[Event "57th World Juniors 2018"]
[Site "Manavgat TUR"]
[Date "2018.09.05"]
[Round "1.46"]
[White "Morozov, Nichita"]
[Black "Silva, David"]
[Result "1-0"]
[WhiteTitle "IM"]
[BlackTitle "IM"]
[WhiteElo "2452"]
[BlackElo "2223"]
[WhiteFideId "13900897"]
[BlackFideId "10101314"]
[EventDate "2018.09.05"]

1. d4 Nf6 2. Bg5 Ne4 3. Bf4 c5 4. d5 d6 5. Nd2 Nf6 6. e4 g6 7. Ne2 Bg7 8. Nc3
O-O 9. Be2 Na6 10. O-O Nc7 11. a4 e5 12. Be3 Bd7 13. Nc4 Qe7 14. h3 b5 15. axb5
Nxb5 16. Nxb5 Bxb5 17. Nd2 Qb7 18. b3 Nh5 19. Bxb5 Qxb5 20. Nc4 Rfd8 21. Qf3 Rd7
22. Ra5 Qb7 23. Rfa1 f5 24. Ra6 fxe4 25. Qg4 Nf6 26. Qe6+ Kh8 27. Nxd6 Qxd5 28.
Qxd5 Nxd5 29. Bxc5 e3 30. fxe3 Bf8 31. c4 Nxe3 32. Bxe3 Rxd6 33. Rxd6 Bxd6 34.
Rxa7 Rb8 35. c5 Bf8 36. c6 Rxb3 37. c7 1-0

[Event "57th World Juniors 2018"]
[Site "Manavgat TUR"]
[Date "2018.09.05"]
[Round "1.47"]
[White "Kamer, Kayra"]
[Black "Makhnev, Denis"]
[Result "0-1"]
[BlackTitle "IM"]
[WhiteElo "2205"]
[BlackElo "2449"]
[WhiteFideId "6367879"]
[BlackFideId "13707647"]
[EventDate "2018.09.05"]

1. e4 e5 2. Nf3 Nc6 3. Bb5 Nf6 4. d3 Bc5 5. Bxc6 dxc6 6. Nbd2 Nd7 7. Nc4 Bd6 8.
h4 Qe7 9. h5 Nc5 10. Bd2 Bg4 11. Ne3 Bd7 12. b4 Ne6 13. Nf5 Qf6 14. Rb1 g6 15.
Nxd6+ cxd6 16. Qe2 g5 17. g3 h6 18. Be3 b5 19. Nd2 a5 20. a4 axb4 21. axb5 c5
22. Nc4 Nc7 23. b6 Nb5 24. b7 Rb8 25. Ra1 Nc3 26. Qd2 Bb5 27. f4 Bxc4 28. fxg5
Qf3 29. Rf1 Qxg3+ 30. Bf2 Qxg5 31. Be3 Qxh5 32. dxc4 Qh4+ 33. Rf2 Ke7 34. Ra6
Rhd8 35. Rb6 Rd7 36. Qd3 Rbxb7 0-1

[Event "57th World Juniors 2018"]
[Site "Manavgat TUR"]
[Date "2018.09.05"]
[Round "1.48"]
[White "Janik, Igor"]
[Black "Karaoglan, Doruk"]
[Result "1-0"]
[WhiteTitle "IM"]
[WhiteElo "2447"]
[BlackElo "2196"]
[WhiteFideId "1159259"]
[BlackFideId "6390927"]
[EventDate "2018.09.05"]

1. e4 e6 2. d4 d5 3. Nc3 Nf6 4. e5 Nfd7 5. Nce2 c5 6. c3 Nc6 7. f4 Qb6 8. Nf3
Be7 9. g3 O-O 10. Bh3 f6 11. Qb3 cxd4 12. Bxe6+ Kh8 13. Qxb6 axb6 14. Nexd4 Nxd4
15. cxd4 Nxe5 16. Bxd5 Nd3+ 17. Ke2 Nb4 18. Bb3 Bd7 19. Re1 Bb5+ 20. Kd1 Bd6 21.
Re6 Rad8 22. Bd2 Nd3 23. Bc3 Rfe8 24. a4 Bc6 25. Nd2 Nf2+ 26. Kc2 Bd7 27. Rxe8+
Rxe8 28. Bd5 Ng4 29. Nc4 Bc7 30. Bxb7 b5 31. axb5 Bxb5 32. h3 Nf2 33. Kb3 Nxh3
34. Kb4 Bd7 35. d5 Nf2 36. Bc6 Nd3+ 37. Kb3 Rb8+ 38. Kc2 Bf5 39. Kd2 Nc5 40. Ra7
Bd8 41. Nd6 Nb3+ 42. Ke1 Bb6 43. Ra4 Bg4 44. Rb4 Nc5 45. Kd2 Bc7 46. Ne8 Rxb4
47. Bxb4 Bb6 48. Nd6 Kg8 49. Ba3 h5 50. b4 Nd7 51. b5 g6 52. Ke1 Kg7 53. Nc4 Bd8
54. Bxd7 Bxd7 55. b6 Bc8 56. Nd6 Ba6 57. b7 Bc7 58. Ne8+ Kf7 59. Nxc7 Bxb7 60.
d6 Bc8 61. Bc1 g5 62. fxg5 fxg5 63. Bxg5 Kg6 64. Bh4 Kf5 65. Nd5 Ke6 66. Nb6 1-0

[Event "57th World Juniors 2018"]
[Site "Manavgat TUR"]
[Date "2018.09.05"]
[Round "1.49"]
[White "Can, Melih Kaan"]
[Black "Batsuren, Dambasuren"]
[Result "1/2-1/2"]
[BlackTitle "IM"]
[WhiteElo "2195"]
[BlackElo "2446"]
[WhiteFideId "6317383"]
[BlackFideId "4902920"]
[EventDate "2018.09.05"]

1. e4 c6 2. d4 d5 3. Nc3 dxe4 4. Nxe4 Nf6 5. Nxf6+ gxf6 6. c3 Bf5 7. Ne2 h5 8.
Ng3 Bg6 9. h4 e6 10. Be2 Qd5 11. Bf3 Qa5 12. Qb3 Qc7 13. Bf4 e5 14. dxe5 fxe5
15. Bg5 Nd7 16. Ne4 Bg7 17. O-O O-O 18. Rad1 Bxe4 19. Bxe4 Nc5 20. Qc2 Nxe4 21.
Qxe4 f6 22. Be3 f5 23. Qc4+ Qf7 24. Qxf7+ Rxf7 25. Bg5 a5 26. a4 b5 27. b3 e4
28. c4 bxc4 29. bxc4 Bf8 30. Rb1 Bb4 31. g3 Rd7 32. Rfd1 Raa7 33. Kf1 Rab7 34.
Ke2 Rxd1 35. Rxd1 Bc3 36. Bd2 Bxd2 37. Rxd2 Rb4 38. Rd6 Rxc4 39. Rh6 Kg7 40.
Rxh5 Kg6 41. Rg5+ Kf6 42. g4 fxg4 43. Rxa5 1/2-1/2

[Event "57th World Juniors 2018"]
[Site "Manavgat TUR"]
[Date "2018.09.05"]
[Round "1.50"]
[White "Mohammad, Nubairshah Shaikh"]
[Black "Tarlabasi, Emirhan"]
[Result "1/2-1/2"]
[WhiteTitle "IM"]
[WhiteElo "2443"]
[BlackElo "2193"]
[WhiteFideId "5053196"]
[BlackFideId "6350275"]
[EventDate "2018.09.05"]

1. Nf3 d5 2. g3 Nf6 3. Bg2 e6 4. O-O Be7 5. c4 O-O 6. b3 b6 7. Bb2 Bb7 8. cxd5
exd5 9. d4 Nbd7 10. Ne5 Bd6 11. Nd2 Re8 12. Ndf3 Ne4 13. Rc1 c5 14. Nxd7 Qxd7
15. dxc5 bxc5 16. Qd3 Qe6 17. Rfd1 Rad8 18. Nd2 Ng5 19. Qb5 Ba8 20. Nf3 Ne4 21.
Rc2 d4 22. Qd3 h6 23. Nd2 Nc3 24. Bxc3 Bxg2 25. Kxg2 dxc3 26. Qxc3 Qxe2 27. Qf3
Bc7 28. Qxe2 Rxe2 29. Kf3 Re5 30. Rdc1 Rf5+ 31. Kg2 Bb6 32. Nc4 Rfd5 33. Re1 Kf8
34. Rce2 Rd1 35. Re8+ Rxe8 36. Rxd1 Re6 37. a4 Ke7 38. f4 Re2+ 39. Kh3 f6 40.
Rd5 Ra2 41. f5 Ra1 42. Kg4 Rb1 43. a5 Bd8 44. Kh5 Rxb3 45. Rxc5 Rc3 46. Kg6 Rc2
47. Kxg7 Rxh2 48. Rb5 Kd7 49. Rd5+ Kc7 50. Rd3 h5 51. Na3 Kc8 52. a6 h4 53. Nb5
Bb6 54. Nd6+ Kc7 55. g4 Re2 56. Kf7 Be3 57. Ne8+ Kc6 58. Rc3+ Kb5 59. Rc8 h3 60.
Nxf6 h2 61. Rh8 Bf4 62. Nd5 Be5 63. f6 Re1 64. g5 h1=Q 65. Rxh1 Rxh1 66. g6 Rg1
67. g7 Bxf6 68. Kxf6 Kxa6 69. Nf4 Rxg7 70. Kxg7 Kb5 71. Kf6 Kc4 72. Ke5 a5 73.
Nd5 Kc5 74. Nc3 Kb4 75. Kd4 1/2-1/2

[Event "57th World Juniors 2018"]
[Site "Manavgat TUR"]
[Date "2018.09.05"]
[Round "1.51"]
[White "Cirovic, Miroljub"]
[Black "Haria, Ravi"]
[Result "1/2-1/2"]
[BlackTitle "IM"]
[WhiteElo "2181"]
[BlackElo "2442"]
[WhiteFideId "16502868"]
[BlackFideId "415820"]
[EventDate "2018.09.05"]

1. d4 e6 2. Nf3 d5 3. c4 c6 4. e3 f5 5. Be2 Nf6 6. O-O Bd6 7. b3 Qe7 8. a4 O-O
9. Ba3 Bxa3 10. Nxa3 Nbd7 11. Nc2 Ne4 12. Nce1 Nd6 13. c5 Nf7 14. Nd3 Re8 15. b4
e5 16. Nfxe5 Ndxe5 17. dxe5 Nxe5 18. Nxe5 Qxe5 19. Re1 Bd7 20. Qd4 Re7 21. Bd3
Rae8 22. Qxe5 Rxe5 23. Reb1 g5 24. Kf1 f4 25. exf4 gxf4 26. Re1 f3 27. Rxe5 Rxe5
28. b5 d4 29. Rc1 h6 30. h4 fxg2+ 31. Kxg2 Kf8 32. Kg3 Ke7 33. Kf4 Rh5 34. Kg3
Re5 35. Kf4 Rh5 36. Kg3 Be6 37. f4 Rd5 38. Re1 Rxc5 39. f5 Rc3 40. Rxe6+ Kd7 41.
bxc6+ bxc6 42. Kf4 Rxd3 43. Rxh6 Re3 44. h5 Re2 45. Rh7+ Kd6 46. Rh8 Rh2 47. h6
d3 48. Rd8+ Ke7 49. Rxd3 Rxh6 50. Ke5 c5 51. Rb3 Rb6 52. Rh3 Ra6 53. Rh7+ Kf8
54. Rh4 Ke7 55. Kd5 Ra5 56. Rc4 1/2-1/2

[Event "57th World Juniors 2018"]
[Site "Manavgat TUR"]
[Date "2018.09.05"]
[Round "1.52"]
[White "Escalante Ramirez, Brian Sebasti"]
[Black "Eren, Ataberk"]
[Result "1-0"]
[WhiteTitle "IM"]
[WhiteElo "2436"]
[BlackElo "2180"]
[WhiteFideId "3819566"]
[BlackFideId "6349765"]
[EventDate "2018.09.05"]

1. d4 Nf6 2. c4 g6 3. g3 Bg7 4. Nf3 O-O 5. Bg2 d6 6. O-O Nc6 7. Nc3 a6 8. Qc2
Bf5 9. e4 Bg4 10. Be3 Nd7 11. Rad1 e5 12. d5 Ne7 13. h3 Bxf3 14. Bxf3 f5 15. b4
f4 16. Bc1 Nf6 17. c5 Qd7 18. Kg2 g5 19. Qe2 Ng6 20. a4 Qf7 21. Ba3 h5 22. b5
Rfd8 23. b6 cxb6 24. cxb6 Bh6 25. Kh2 Rac8 26. Nb1 g4 27. hxg4 fxg3+ 28. fxg3 h4
29. Rh1 hxg3+ 30. Kxg3 Bf4+ 31. Kf2 Qd7 32. g5 Qxa4 33. Rh6 Nf8 34. Rg1 Ne8 35.
Qd3 Qd4+ 36. Qxd4 exd4 37. Ke2 Be3 38. Rgh1 Bf4 39. Bg4 Rc2+ 40. Kd3 Rg2 41.
Rh8+ Kf7 42. Bh5+ Kg7 43. Rxf8 Rg3+ 44. Kc4 Rc8+ 45. Kb4 a5+ 46. Ka4 Kxf8 47.
Rf1 Rc4+ 48. Kb5 Rc2 49. Rxf4+ Ke7 50. Rf7+ Kd8 51. Rxb7 Rb3+ 52. Ka6 Rc8 53.
Bxe8 Kxe8 54. Bxd6 Rxb1 55. Re7+ Kd8 56. b7 Rc6+ 57. dxc6 Rb4 1-0

[Event "57th World Juniors 2018"]
[Site "Manavgat TUR"]
[Date "2018.09.05"]
[Round "1.53"]
[White "Petkov, Momchil"]
[Black "Ozen, Deniz"]
[Result "1/2-1/2"]
[WhiteTitle "FM"]
[BlackTitle "FM"]
[WhiteElo "2163"]
[BlackElo "2431"]
[WhiteFideId "2921642"]
[BlackFideId "6349196"]
[EventDate "2018.09.05"]

1. d4 d5 2. Bf4 c5 3. e3 Nc6 4. c3 Nf6 5. Nd2 Bf5 6. Ngf3 Qb6 7. Qb3 c4 8. Qxb6
axb6 9. a3 h6 10. h3 e6 11. Be2 Be7 12. O-O O-O 13. Ne5 b5 14. g4 Bh7 15. f3
Nxe5 16. Bxe5 Nd7 17. Bg3 Nb6 18. e4 Na4 19. Rab1 f5 20. Bd1 fxe4 21. Bxa4 bxa4
22. fxe4 Bg5 23. Rbd1 Rxf1+ 24. Kxf1 Rf8+ 25. Kg1 Bxe4 26. Nxe4 dxe4 27. Re1 Rf3
28. Bd6 Re3 29. Kf2 Rxh3 30. Rxe4 Kf7 31. Bg3 Rh1 32. Re5 Bd8 33. Rb5 b6 34. Kf3
Rb1 35. Rb4 Ke8 36. Rxa4 Rxb2 37. Rxc4 Rb3 38. a4 Kd7 39. Be5 g6 40. Ke4 h5 41.
gxh5 gxh5 42. d5 exd5+ 43. Kxd5 Rb1 44. Rf4 Rd1+ 45. Bd4 Re1 1/2-1/2

[Event "57th World Juniors 2018"]
[Site "Manavgat TUR"]
[Date "2018.09.05"]
[Round "1.54"]
[White "Sibashvili, Giorgi"]
[Black "Sezdbekov, Ruslan"]
[Result "1-0"]
[WhiteTitle "IM"]
[BlackTitle "CM"]
[WhiteElo "2425"]
[BlackElo "2160"]
[WhiteFideId "13602799"]
[BlackFideId "13801856"]
[EventDate "2018.09.05"]

1. d4 Nf6 2. c4 e6 3. Nc3 Bb4 4. Qc2 b6 5. e4 Bb7 6. Bd3 Bxc3+ 7. bxc3 d6 8. f4
d5 9. cxd5 exd5 10. e5 Ne4 11. Nf3 Nd7 12. O-O f5 13. Ba3 Nf8 14. Ng5 Qd7 15.
Bxf8 Kxf8 16. c4 h6 17. e6 Qc6 18. Nf7 Rg8 19. Bxe4 dxe4 20. d5 Qc5+ 21. Qf2
Qxf2+ 22. Kxf2 Ke7 23. Ke3 1-0

[Event "57th World Juniors 2018"]
[Site "Manavgat TUR"]
[Date "2018.09.05"]
[Round "1.55"]
[White "Piyumantha, M Sasith Nipun"]
[Black "Zarubitski, Viachaslau"]
[Result "1-0"]
[WhiteTitle "FM"]
[BlackTitle "IM"]
[WhiteElo "2139"]
[BlackElo "2425"]
[WhiteFideId "9916148"]
[BlackFideId "13509373"]
[EventDate "2018.09.05"]

1. d4 Nf6 2. c4 Nc6 3. Nf3 e6 4. Nc3 Bb4 5. Qc2 O-O 6. a3 Bxc3+ 7. Qxc3 a5 8. b3
d6 9. Bb2 Re8 10. Rd1 Qe7 11. d5 Nb8 12. dxe6 fxe6 13. g3 Nbd7 14. Bg2 Nc5 15.
O-O e5 16. Qc2 Bd7 17. Ng5 Ra6 18. Bd5+ Ne6 19. f4 Kh8 20. Nxe6 Bxe6 21. Bxb7
Rb6 22. Bg2 Bf7 23. Bc3 exf4 24. Rxf4 Qe3+ 25. Kh1 Bg6 26. Qb2 Qxe2 27. Rd2 Qe7
28. Rxf6 Qxf6 29. Bxf6 Re1+ 30. Bf1 Rxf1+ 31. Kg2 Rxf6 32. Rf2 Rxf2+ 33. Kxf2 a4
34. b4 Rc6 35. Qd4 Bf7 36. c5 dxc5 37. bxc5 h6 38. Ke3 Bb3 39. Kd2 Kg8 40. Kc3
Kh7 41. Qe4+ Rg6 42. h4 h5 43. g4 Kh6 44. Qf4+ Kh7 45. gxh5 Rh6 46. Qxc7 Bd5 47.
Qe5 Bc6 48. Kb4 Rf6 49. Ka5 Bd7 50. Qd4 Bc6 51. Kb6 Be8+ 52. Kc7 Bb5 53. Qe5 Kh8
54. Qb2 Be8 55. Qb8 Re6 56. h6 gxh6 57. Qb6 Bf7 58. c6 Be8 59. Qd4+ Kg8 60. Qxa4
Kf7 61. Qc4 Ke7 62. a4 Re5 63. a5 1-0

[Event "57th World Juniors 2018"]
[Site "Manavgat TUR"]
[Date "2018.09.05"]
[Round "1.56"]
[White "Raja, Harshit"]
[Black "Ismayilov, Muhammad"]
[Result "1-0"]
[WhiteTitle "IM"]
[WhiteElo "2419"]
[BlackElo "2137"]
[WhiteFideId "5089000"]
[BlackFideId "13410024"]
[EventDate "2018.09.05"]

1. e4 e5 2. Nf3 Nf6 3. Nxe5 d6 4. Nf3 Nxe4 5. d4 d5 6. Bd3 Nc6 7. O-O Be7 8. Re1
Bg4 9. c3 f5 10. Qb3 O-O 11. Nfd2 Nxd2 12. Nxd2 Rf6 13. h3 Bh5 14. Qc2 Qd7 15.
Be2 Re6 16. Nf1 Bd6 17. Qxf5 Rxe2 18. Qxd7 Rxe1 19. Bh6 Re7 20. Qf5 Bf7 21. Bf4
Re2 22. Bxd6 cxd6 23. Ne3 Rf8 24. b4 a6 25. a4 Nd8 26. Qf3 Rb2 27. Re1 g6 28.
Re2 Rb1+ 29. Kh2 Ra1 30. Qg3 Rxa4 31. Qxd6 Nc6 32. Nxd5 Rd8 33. Nf6+ Kg7 34. Nd7
Ra1 35. d5 1-0

[Event "57th World Juniors 2018"]
[Site "Manavgat TUR"]
[Date "2018.09.05"]
[Round "1.57"]
[White "Kwon, Sehyun"]
[Black "Gokerkan, Cem Kaan"]
[Result "1/2-1/2"]
[WhiteTitle "CM"]
[BlackTitle "IM"]
[WhiteElo "2129"]
[BlackElo "2416"]
[WhiteFideId "13203088"]
[BlackFideId "6336760"]
[EventDate "2018.09.05"]

1. e4 c5 2. Nf3 g6 3. d4 cxd4 4. Qxd4 Nf6 5. Nc3 Nc6 6. Qa4 d6 7. e5 dxe5 8.
Nxe5 Bd7 9. Nxd7 Qxd7 10. Be3 Bg7 11. Rd1 Qg4 12. Qb3 O-O 13. Qxb7 Nb4 14. Be2
Nxc2+ 15. Kd2 Qb4 16. Qxb4 Nxb4 17. Bf3 Rad8+ 18. Ke2 Nd7 19. a3 Bxc3 20. axb4
Bxb4 21. Bxa7 Ne5 22. Be4 Nc4 23. Rxd8 Rxd8 24. b3 Rd2+ 25. Kf3 Na5 26. Be3 Rb2
27. Rb1 Rxb1 28. Bxb1 Nxb3 29. Ba2 Na5 30. Bd5 e6 31. Ba2 Bd6 32. Bd4 Nc6 33.
Bc3 Be5 34. Bd2 Kg7 35. h3 Bd4 36. Ke2 e5 37. f3 f6 38. Kd3 f5 39. Bd5 Ne7 40.
Bc4 Ba1 41. Bb4 Nc6 42. Bc5 Kf6 43. Bd5 Nd8 44. Be3 Ne6 45. Bc4 Bb2 46. Bd5 Ba3
47. Kc4 Ke7 48. Bc6 Kd6 49. Bd5 Bb2 50. Bd2 Ke7 51. Be3 Ba3 52. Bc6 Bd6 53. Bd5
Bc7 54. Bc5+ Kf6 55. Be3 Ba5 56. Kd3 Be1 57. Ke2 Bg3 58. Kd3 h5 59. Bc4 h4 60.
Bd5 Bf4 61. Bf2 g5 62. Kc4 Ng7 63. Bc6 Bc1 64. Kd3 Nh5 65. Ke2 Nf4+ 66. Kf1 Ke6
67. Bb7 Kd6 68. Bb6 Bd2 69. Ba8 Bc3 70. Be3 Ne6 71. Bb7 Bd4 72. Bd2 Bb6 73. Bb4+
Bc5 74. Bd2 f4 75. Ke2 Ba3 76. Bc3 Nc5 77. Ba8 Na4 78. Kd3 Nc5+ 79. Kc4 Nd7 80.
Kd3 Nb6 81. Bb7 Na4 82. Ba8 Nc5+ 83. Kc4 Ke6 84. Bb2 Bxb2 85. Kxc5 1/2-1/2

[Event "57th World Juniors 2018"]
[Site "Manavgat TUR"]
[Date "2018.09.05"]
[Round "1.58"]
[White "Secheres, Adrian-Simion"]
[Black "Ongut, Tamas Gunes"]
[Result "1/2-1/2"]
[WhiteTitle "FM"]
[BlackTitle "FM"]
[WhiteElo "2408"]
[BlackElo "2121"]
[WhiteFideId "1217445"]
[BlackFideId "770280"]
[EventDate "2018.09.05"]

1. d4 Nf6 2. c4 d6 3. Nc3 Nbd7 4. e4 e5 5. Nge2 Be7 6. f3 O-O 7. Be3 c6 8. Qd2
d5 9. cxd5 cxd5 10. exd5 exd4 11. Bxd4 Nb6 12. Rd1 Nbxd5 13. Ng3 Be6 14. Bd3 Nb4
15. Bb1 Nc6 16. Bf2 Qxd2+ 17. Rxd2 Rfd8 18. Rxd8+ Rxd8 19. O-O g6 20. Rc1 Rc8
21. Nb5 a6 22. Nd4 Nxd4 23. Rxc8+ Bxc8 24. Bxd4 Be6 25. Kf2 Nd5 26. Ne4 b6 27.
a3 f5 28. Nd2 b5 29. Bd3 Bd8 30. Bf1 Nb6 31. g3 Nd7 32. Ke3 Kf7 33. Kd3 Bd5 34.
Be2 Be7 35. Ke3 Ke6 36. Bd1 Ne5 37. Be2 1/2-1/2

[Event "57th World Juniors 2018"]
[Site "Manavgat TUR"]
[Date "2018.09.05"]
[Round "1.59"]
[White "Gunduz, Umut Erdem"]
[Black "Muradli, Mahammad"]
[Result "0-1"]
[BlackTitle "IM"]
[WhiteElo "2119"]
[BlackElo "2407"]
[WhiteFideId "6381383"]
[BlackFideId "13409301"]
[EventDate "2018.09.05"]

1. e4 c5 2. Nf3 d6 3. d4 cxd4 4. Nxd4 Nf6 5. f3 e5 6. Nb3 Be6 7. c4 Be7 8. Be3
b5 9. cxb5 d5 10. Bd3 O-O 11. N1d2 dxe4 12. Nxe4 Nd5 13. Bc5 Nd7 14. Bxe7 Qxe7
15. Qd2 Rfd8 16. Na5 Nb8 17. Rd1 Nf4 18. Nf2 Bf5 19. Bxf5 Nxg2+ 20. Ke2 Nf4+ 21.
Kf1 Rxd2 22. Rxd2 g6 23. Be4 Qb4 24. Rd8+ Kg7 25. Bxa8 Qxa5 26. Rd1 Qxb5+ 27.
Kg1 Nc6 28. h4 Nd4 29. b3 Qe2 30. h5 Nxf3+ 31. Bxf3 Qxf3 32. h6+ Kf8 33. Rh2 e4 0-1

[Event "57th World Juniors 2018"]
[Site "Manavgat TUR"]
[Date "2018.09.05"]
[Round "1.60"]
[White "Garayev, Kanan"]
[Black "De Block, Yordi"]
[Result "1-0"]
[WhiteTitle "FM"]
[WhiteElo "2404"]
[BlackElo "2118"]
[WhiteFideId "13406671"]
[BlackFideId "214175"]
[EventDate "2018.09.05"]

1. d4 d5 2. c4 e6 3. Nc3 Nf6 4. Nf3 Be7 5. Bg5 O-O 6. e3 Nbd7 7. Rc1 h6 8. Bh4
c6 9. Bd3 Nh5 10. Bxe7 Qxe7 11. O-O f5 12. cxd5 exd5 13. b4 a6 14. a4 g6 15. b5
axb5 16. axb5 Nhf6 17. bxc6 bxc6 18. Ne2 Qd6 19. Nf4 Ne4 20. Ne5 Nxe5 21. dxe5
Qc7 22. Nxd5 Qxe5 23. Rxc6 Kg7 24. Rc7+ Rf7 25. Bxe4 fxe4 26. Rxf7+ Kxf7 27. Nb6
Ba6 28. Nxa8 Bxf1 29. Qxf1 Qa5 30. Qc4+ 1-0

[Event "57th World Juniors 2018"]
[Site "Manavgat TUR"]
[Date "2018.09.05"]
[Round "1.61"]
[White "Cansun, Can Alp"]
[Black "Lagunow, Raphael"]
[Result "0-1"]
[BlackTitle "FM"]
[WhiteElo "2110"]
[BlackElo "2403"]
[WhiteFideId "6390188"]
[BlackFideId "24652644"]
[EventDate "2018.09.05"]

1. e4 c5 2. Nf3 Nc6 3. c3 Nf6 4. e5 Nd5 5. d4 cxd4 6. cxd4 d6 7. Bc4 e6 8. O-O
Be7 9. Qe2 O-O 10. Rd1 Na5 11. b3 a6 12. Bxd5 exd5 13. Nc3 Be6 14. Bf4 Rc8 15.
exd6 Bxd6 16. Bxd6 Qxd6 17. Rac1 f6 18. h3 Bf7 19. Ne1 Nc6 20. Nc2 f5 21. Ne1 f4
22. Qf3 Rfd8 23. Ne2 g5 24. h4 h6 25. hxg5 hxg5 26. Qg4 Qh6 27. Nxf4 Kh8 28. Nh3
Rg8 29. Qg3 Bh5 30. Rd2 Rcf8 31. Nd3 Bg6 32. Qe3 Bxd3 33. Rxd3 Qf6 34. f3 g4 35.
fxg4 Rxg4 36. Nf2 Rh4 37. g3 Rg8 38. Qf3 Qxf3 39. Rxf3 Nxd4 40. Re3 Nf5 41. Re5
Nxg3 42. Rc7 Ne4+ 43. Kf1 Rf8 44. Rxe4 dxe4 45. Re7 Rhf4 0-1

[Event "57th World Juniors 2018"]
[Site "Manavgat TUR"]
[Date "2018.09.05"]
[Round "1.62"]
[White "Huber, Martin Christian"]
[Black "Maltezeanu, Stefan"]
[Result "1/2-1/2"]
[WhiteTitle "IM"]
[WhiteElo "2390"]
[BlackElo "2089"]
[WhiteFideId "1623435"]
[BlackFideId "4004655"]
[EventDate "2018.09.05"]

1. Nf3 d5 2. g3 Nf6 3. Bg2 c5 4. O-O Nc6 5. d4 e6 6. c4 dxc4 7. Qa4 Qa5 8. Qxc4
Qb4 9. Qxb4 Nxb4 10. Na3 Bd7 11. Ne5 cxd4 12. Bxb7 Rb8 13. Bf3 Bd6 14. Bf4 Nbd5
15. Nxd7 Kxd7 16. Bxd6 Kxd6 17. Nc4+ Ke7 18. Rfd1 Rhc8 19. b3 Rb4 20. Rd2 Rc5
21. Ne5 Rc7 22. Rad1 Nd7 23. Nxd7 Rxd7 24. Rxd4 Rxd4 25. Rxd4 Nc3 26. Rg4 g6 27.
a4 a5 28. Rc4 Na2 29. Rc5 Ra7 30. g4 h6 31. h4 Kd6 32. Rc8 Kd7 33. Rb8 Kc7 34.
Rh8 Nc1 35. Rxh6 Nxb3 36. h5 Kd6 37. hxg6 fxg6 38. g5 Nc5 39. Rh4 e5 40. e3 Rf7
41. Bd1 Rf5 42. Rg4 Ne6 43. Bc2 Rxg5 44. Rxg5 Nxg5 45. Bxg6 e4 46. Kg2 Ke5 47.
Kg3 Nf3 48. Bh5 Nd2 49. Be2 Nb1 50. Bd1 Nc3 51. Bc2 Ne2+ 52. Kg4 Nc3 53. Bb3 Nb1
54. Bc2 Nc3 55. f3 exf3 56. Kxf3 Nd5 57. Bg6 Nb4 58. Ke2 Kd5 59. Kd2 Kc5 60. Kc3
Nc6 61. Be8 Ne5 62. e4 Ng4 63. Kd3 Ne5+ 64. Ke3 Nc4+ 65. Kf4 Kd4 66. Bc6 Ne5 67.
Bd5 Nd7 68. Kf5 Nc5 69. Bc6 Nd3 70. Bb5 Ne5 71. Bf1 Nd7 72. Bb5 Ne5 73. Bf1 1/2-1/2

[Event "57th World Juniors 2018"]
[Site "Manavgat TUR"]
[Date "2018.09.05"]
[Round "1.63"]
[White "Erdogan, Anil Berk"]
[Black "Nikolovski, Nikola"]
[Result "0-1"]
[WhiteTitle "CM"]
[BlackTitle "IM"]
[WhiteElo "2083"]
[BlackElo "2388"]
[WhiteFideId "6348173"]
[BlackFideId "15002314"]
[EventDate "2018.09.05"]

1. d4 f5 2. g3 Nf6 3. Bg2 e6 4. c4 Be7 5. Nf3 O-O 6. O-O d6 7. Nc3 Qe8 8. Qc2
Qh5 9. e4 e5 10. dxe5 dxe5 11. exf5 Nc6 12. Bg5 Ng4 13. Qd2 e4 14. Nxe4 Bxf5 15.
Bxe7 Bxe4 16. Bxf8 Bxf3 17. h3 Nge5 18. Bc5 Bxg2 19. Kxg2 Nxc4 20. Qd7 Qxc5 21.
Qe6+ Kf8 22. Rac1 b5 23. Qe4 Re8 24. Qf3+ Kg8 25. b3 Nd4 26. Qb7 Ne2 27. bxc4
Nxc1 28. Rxc1 bxc4 29. Qf3 h6 30. Kg1 Kh8 31. Qf4 Re6 32. Kh2 Rf6 33. Rxc4 Qb6
34. Qd4 Rxf2+ 35. Kg1 Rxa2 36. Rb4 Qg6 37. Qc3 Qe6 38. Rb8+ Kh7 39. Qd3+ g6 40.
Qc3 g5 41. g4 Kg6 42. Qd3+ Kg7 43. Qc3+ Kf7 44. Qxc7+ Kg6 45. Qc3 Qd5 46. Rb2
Ra1+ 47. Kf2 Qf7+ 48. Kg2 Qf1+ 49. Kg3 Qf4+ 50. Kg2 Qe4+ 51. Kf2 Rh1 52. Qg3
Qe1+ 53. Kf3 Rf1+ 54. Rf2 Qxf2+ 0-1

[Event "57th World Juniors 2018"]
[Site "Manavgat TUR"]
[Date "2018.09.05"]
[Round "1.64"]
[White "Ozer, Omer Faruk"]
[Black "Caglar, Ahmet Ata"]
[Result "1-0"]
[WhiteTitle "IM"]
[WhiteElo "2388"]
[BlackElo "2071"]
[WhiteFideId "6354564"]
[BlackFideId "6328636"]
[EventDate "2018.09.05"]

1. d4 Nf6 2. Nf3 g6 3. Bg5 Bg7 4. Nbd2 d5 5. e3 O-O 6. Bd3 c5 7. c3 Qb6 8. Rb1
Nc6 9. O-O e5 10. dxe5 Ng4 11. Bc2 Ngxe5 12. Nxe5 Nxe5 13. h3 Be6 14. f4 f6 15.
Bh4 Nd7 16. Kh1 f5 17. Nf3 Rfe8 18. Ba4 h6 19. c4 d4 20. exd4 cxd4 21. Re1 Rec8
22. b4 Nf8 23. c5 Qc7 24. Nxd4 Bxa2 25. Re7 Qxf4 26. Bb3+ Bxb3 27. Qxb3+ Kh8 28.
Nf3 Re8 29. Rbe1 Rxe7 30. Rxe7 Qc1+ 31. Kh2 Qc3 32. Qf7 a5 33. bxa5 Rxa5 34. Be1 1-0

[Event "57th World Juniors 2018"]
[Site "Manavgat TUR"]
[Date "2018.09.05"]
[Round "1.65"]
[White "Gulden, Egemen"]
[Black "Macovei, Andrei"]
[Result "1-0"]
[WhiteTitle "CM"]
[BlackTitle "FM"]
[WhiteElo "2068"]
[BlackElo "2385"]
[WhiteFideId "6324983"]
[BlackFideId "13904680"]
[EventDate "2018.09.05"]

1. e4 g6 2. Nc3 Bg7 3. g3 c5 4. Bg2 Nc6 5. d3 d6 6. Nh3 e6 7. O-O Nge7 8. Be3
O-O 9. Qd2 Nd4 10. Nd1 b6 11. c3 Ndc6 12. Bh6 e5 13. Bxg7 Kxg7 14. Ne3 f6 15. f4
Rb8 16. Rf2 Bxh3 17. Bxh3 exf4 18. Rxf4 d5 19. Raf1 dxe4 20. Rxe4 f5 21. Rh4 Ng8
22. Nxf5+ gxf5 23. Bxf5 Rxf5 24. Rxf5 Rb7 25. Rg4+ Kh8 26. Qf4 Rb8 27. Rf7 Qxd3
28. Qg5 Qd1+ 29. Kg2 Qe2+ 30. Kh3 Qe5 31. Rxh7+ 1-0

[Event "57th World Juniors 2018"]
[Site "Manavgat TUR"]
[Date "2018.09.05"]
[Round "1.66"]
[White "Gorshtein, Ido"]
[Black "Zrikem, Nassim"]
[Result "1/2-1/2"]
[WhiteTitle "FM"]
[BlackTitle "CM"]
[WhiteElo "2383"]
[BlackElo "2066"]
[WhiteFideId "2815532"]
[BlackFideId "9002693"]
[EventDate "2018.09.05"]

1. e4 e5 2. Nf3 Nc6 3. Bb5 a6 4. Ba4 Nf6 5. O-O b5 6. Bb3 Bc5 7. Nc3 O-O 8. d3
h6 9. a3 d6 10. Be3 Bg4 11. Ne2 Ba7 12. Ng3 Nd4 13. Bxd4 Bxd4 14. c3 Bb6 15. h3
Be6 16. d4 Re8 17. Re1 g6 18. a4 c5 19. Bxe6 Rxe6 20. dxe5 dxe5 21. axb5 axb5
22. Qb3 Rxa1 23. Rxa1 Qe8 24. c4 b4 25. Qd3 Qe7 26. Nf1 Rd6 27. Qe2 Qe6 28. Kh2
Kg7 29. g3 Bc7 30. b3 Ra6 31. Rxa6 Qxa6 32. Ne3 Nd7 33. Qd3 Qd6 34. Nd5 Nb8 35.
Qb1 Nc6 36. Kg2 Nd4 37. Qa2 Bd8 38. Nxd4 exd4 39. f4 g5 40. Kf3 Qe6 41. Qa8 Qxh3 1/2-1/2